Responses for show #6648 - Wednesday, July 10, 2013

Ben Ingram game 8.

Contestants

Beth Morgan, a marketing consultant from Palo Alto, California

Stacie Larson, a public librarian from Orlando, Florida

Ben Ingram, an IT consultant originally from Florence, South Carolina (whose 7-day cash winnings total $157,733)

Jeopardy! Round responses

2013 POSTAGE STAMPS
FLANDERS
LADIES IN DIS-TRESS
CROSSWORD CLUES "L"
NONFICTION
PARTS OF THE WHOLE
    $200 15
a wedding

Stacie
    $200 3
Belgium

Stacie
    $200 16
Star Trek

Beth
    $200 4
a lullaby

Stacie
    $200 21
Scientology

Stacie
    $200 10
(Stacie: What's a fishing rod?)

a mouse trap

Stacie
Triple Stumper
    $400 24
Grand Central Station

Ben
    $400 6
(Stacie: What are lilies?)

poppies

BenStacie
    $400 17
Ripley

Beth
    $400 5
a landlord

Ben
    $400 22
Sotomayor

Beth
    $400 11
a train

Ben
    $600 25
a butterfly

Beth
    $600 1
(church) bells

Ben
    $600 18
Natalie Portman

Beth
    $600 8
a leotard

Beth
    $600 23
Seabiscuit

Ben
    $600 12
a comic strip (or cartoon)

Beth
    $800 28
the Emancipation Proclamation

Beth
    $1,000 2
(Peter Paul) Rubens

Ben
    $800 19
Bette Davis

Triple Stumper
    $800 9
LBJ

Ben
    $800 26
The Elements of Style

Stacie
    $800 13
a piano

Ben
    $1000 30
(Ben: Who is Iacocca?)

(Carroll) Shelby

BenStacie
    $1000 7
textile (weaving accepted)

Stacie
    $1000 20
Cameron Diaz

Triple Stumper
    $1000 29
lunchmeat

Ben
    $1000 27
(Joel) Osteen

Ben
    $1000 14
an umbrella

Triple Stumper

Scores at the first commercial break (after clue 15):

Ben Stacie Beth
$4,400 $1,000 $1,200

Scores at the end of the Jeopardy! Round:

Ben Stacie Beth
$6,400 $3,000 $4,200

Double Jeopardy! Round responses

CITY PARKS
SUPERHERO ALTER EGOS
THIS & THAT
IT'S EXTINCT!
OCCUPATIONAL VERBS
"R" IS FOR RELIGION
    $400 28
the United Nations

Ben
    $400 15
the Incredible Hulk

Beth
    $400 25
St. Patrick

Beth
    $400 9
a wolf

Stacie
    $400 1
to nurse

Stacie
    $400 6
reincarnation

Beth
    $800 29
[The end-of-round signal sounds.]

Sacajawea

Ben
    $800 27
muslin

Stacie
    $800 22
(the Queen of) Sheba

Ben
    $800 2
(Stacie: What's to touch up?)

doctor

BenStacie
    $800 7
relics

Ben
    $1200 3
Griffith Park

Ben
    $1200 16
Green Arrow

Triple Stumper
    $1200 5
Vassar

Beth
    $1200 23
(Vitus) Bering

Ben
    $1200 13
lawyer up

Beth
    $1200 10
Reform Judaism

Stacie
    $4,000 4
Dayton

Ben
    $1600 17
Batgirl

Triple Stumper
    $1600 8
a Claddagh ring

Beth
    $2,000 24
(Ben: What is pectadon?)
...
(Alex: Less than a minute now.)

mastodon

Ben
    $1600 14
pilot

Triple Stumper
    $1600 11
Rapture

Ben
    $2000 19
Lincoln Park

Triple Stumper
    $2000 18
the Thing

Triple Stumper
    $2000 12
Nellie Bly

Triple Stumper
    $2000 26
a passenger pigeon

Stacie
    $2000 20
(Stacie: What is pastor?)

minister

Stacie
Triple Stumper
    $2000 21
(Ben: What is the Bhagavad Gita?)

the Rigveda

Ben
Triple Stumper

Scores at the end of the Double Jeopardy! Round:

Ben Stacie Beth
$14,000 $5,000 $9,400

[wagering suggestions for these scores]

Final Jeopardy! Round responses

AUTHORS
StacieWho was Dr Seuss?
$4,250
BethWho is Dr. Suess
$9,399
BenWho is Dr. Seuss?
$4,801
Dr. Seuss

Final scores:

Ben Stacie Beth
$18,801 $9,250 $18,799
8-day champion: $176,534 3rd place: $1,000 2nd place: $2,000

Game dynamics:

Coryat scores:

Ben Stacie Beth
$13,400 $5,000 $9,400
20 R
(including 2 DDs),
3 W
(including 1 DD)
12 R,
4 W
14 R,
0 W

Combined Coryat: $27,800

The J! Archive is created by fans, for fans. The Jeopardy! game show and all elements thereof, including but not limited to copyright and trademark thereto, are the property of Jeopardy Productions, Inc. and are protected under law. This website is not affiliated with, sponsored by, or operated by Jeopardy Productions, Inc. Join the discussion at JBoard.tv.